| 000 | 01415nab a2200421 a 4500 | ||
|---|---|---|---|
| 001 | 79015 | ||
| 003 | 0 | ||
| 005 | 20241217151519.0 | ||
| 006 | m o d | | ||
| 007 | cr cn||||||||| | ||
| 008 | 201106r2007 ck |||||s|||||||||||spa d | ||
| 022 | _a0123-885X | ||
| 022 | _z1900-5180 (Ed. electrónica) | ||
| 035 | _a(OCoLC)955406932 | ||
| 040 |
_aFlNmELB _bspa _cFlNmELB |
||
| 050 | 4 |
_aH8.S7 _bG569 2007 |
|
| 080 | _a316 | ||
| 082 | 0 | 4 |
_a300 _222 |
| 100 | 1 | _aGómez, María Mercedes. | |
| 210 | 1 | 0 | _arev.estud.soc. |
| 222 | 0 | _aRevista de estudios sociales | |
| 245 | 1 | 0 |
_aViolencia, homofobia y psicoanálisis _h[recurso electronico] : _bentre lo secreto y lo público / _cMaría Mercedes Gómez. |
| 260 |
_a[Bogotá] : _b[Universidad de los Andes], _c2007. |
||
| 300 | _a72-85 p. | ||
| 310 | _aCuatrimestral | ||
| 362 | 0 | _aNum. 28 (Agosto 2007)- | |
| 533 | _aRecurso electrónico. Santa Fe, Arg.: e-libro, 2015. Disponible vía World Wide Web. El acceso puede estar limitado para las bibliotecas afiliadas a e-libro. | ||
| 546 | _aResumenes en español e inglés. | ||
| 650 | 0 | _aSocial sciences. | |
| 650 | 0 | _aSex. | |
| 650 | 0 | _aCiencias sociales. | |
| 650 | 0 | _aSexualidad. | |
| 655 | 4 | _aArtículos electrónicos. | |
| 710 | 2 | _ae-libro, Corp. | |
| 740 | 0 | 2 | _aRevista de estudios sociales. |
| 856 | 4 | 0 | _uhttps://elibro.net/ereader/politecnicointernacional/26346 |
| 942 | _cLIBROS | ||
| 999 |
_c79015 _d79015 |
||